Places in Hampden County, MA Quiz Stats

 Plays Quiz not verified by Sporcle

Support Sporcle.
Go Orange.
Score 0/23 Timer 06:00
0 Plays Today
% Correct
Springfield
99.6%
West Springfield
97.4%
Agawam
96.2%
Chicopee
95.7%
Westfield
95.3%
Holyoke
95.3%
Longmeadow
93.6%
East Longmeadow
93.6%
Southwick
90.6%
Ludlow
88.1%
Palmer
86.4%
Tolland
82.1%
% Correct
Wilbraham
81.3%
Holland
80.9%
Blandford
76.6%
Hampden
75.7%
Monson
75.7%
Russell
75.3%
Wales
74.9%
Chester
74.9%
Montgomery
72.8%
Brimfield
71.5%
Granville
62.6%

You're not logged in!

Compare scores with friends on all Sporcle quizzes.
OR
Log In

From the Vault

Green Elements

by Flick

It's not easy being green on the periodic table.
Remove Ads.
Support Sporcle.
Get the best of Sporcle when you Go Orange. This ad-free experience offers more features, more stats, and more fun while also helping to support Sporcle. Thank you for becoming a member.

Show Comments

Extras

Created Feb 5, 2018ReportNominate
Tags:massachusetts, Springfield

Top Quizzes Today


Score Distribution

Your Account Isn't Verified!

In order to create a playlist on Sporcle, you need to verify the email address you used during registration. Go to your Sporcle Settings to finish the process.

Report this User

Report this user for behavior that violates our Community Guidelines.

Details: